书目信息 |
| 题名: |
九三年
|
|
| 作者: | 雨果 著 ;桂裕芳 译 | |
| 分册: | ||
| 出版信息: | 重庆 重庆出版社 2008.03 |
|
| 页数: | 11, 334页 | |
| 开本: | 21cm | |
| 丛书名: | 企鹅经典 | |
| 单 册: | ||
| 中图分类: | I565.44 | |
| 科图分类: | ||
| 主题词: | 长篇小说--chang pian xiao shuo--法国--近代 | |
| 电子资源: | ||
| ISBN: | 978-7-5366-8987-9 | |
| 000 | 01002nam 2200277 450 | |
| 001 | 012009996459 | |
| 005 | 20090505164151.94 | |
| 010 | @a978-7-5366-8987-9@dCNY18.00 | |
| 100 | @a20090505d2008 em y0chiy0120 ea | |
| 101 | 1 | @achi@cfre |
| 102 | @aCN@b500000 | |
| 105 | @ay a 000ay | |
| 106 | @ar | |
| 200 | 1 | @a九三年@Ajiu san nian@e全译本@f(法) 雨果著@F(fa)yu guo zhu@g桂裕芳译@Ggui yu fang yi |
| 210 | @a重庆@c重庆出版社@d2008.03 | |
| 215 | @a11, 334页@d21cm | |
| 225 | 2 | @a企鹅经典@Aqi e jing dian |
| 320 | @a有书目 | |
| 330 | @a本书围绕旺代叛军首领朗特纳克侯爵和他的侄孙、镇压叛乱的共和军指挥官戈万,以及戈万的家庭教师、救国委员会特派员西穆尔丹三个中心人物,描写了资产阶级和封建势力的生死搏斗场面。 | |
| 410 | 0 | @12001 @a企鹅经典 |
| 606 | 0 | @a长篇小说@Achang pian xiao shuo@y法国@z近代 |
| 690 | @aI565.44@v4 | |
| 701 | 1 | @a雨果@Ayu guo@g(Hugo, Victor),@f1802-1885@4著 |
| 702 | 0 | @a桂裕芳@Agui yu fang@4译 |
| 801 | 0 | @aCN@bQSSK@c20090505 |
| 905 | @b742898-900@dI565.44@eY830@f3 | |
| 九三年:全译本/(法) 雨果著/桂裕芳译.-重庆:重庆出版社,2008.03 |
| 11, 334页;21cm.-(企鹅经典) |
| ISBN 978-7-5366-8987-9:CNY18.00 |
| 本书围绕旺代叛军首领朗特纳克侯爵和他的侄孙、镇压叛乱的共和军指挥官戈万,以及戈万的家庭教师、救国委员会特派员西穆尔丹三个中心人物,描写了资产阶级和封建势力的生死搏斗场面。 |
| ● |
| 相关链接 |
|
|
|
正题名:九三年
索取号:I565.44/Y830
 
预约/预借
| 序号 | 登录号 | 条形码 | 馆藏地/架位号 | 状态 | 备注 |
| 1 | 742898 | 207428988 | 社科二线400B/400B社科库 5排2列6层/ [索取号:I565.44/Y830] | 在馆 | |
| 2 | 742899 | 207428997 | 文学库116/116文学库 23排6列5层/ [索取号:I565.44/Y830] | 在馆 | |
| 3 | 742900 | 207429004 | 文学库116/116文学库 23排6列5层/ [索取号:I565.44/Y830] | 在馆 |